Score 0/20 Timer 10:00
0 Plays Today
% Correct
Catelyn Tully
94.9%
Cersei Lannister
93.8%
Sansa Stark
91.5%
Jeyne Westerling
89.1%
Margaery Tyrell
88.7%
Lysa Tully
88.2%
Elia Martell
86.3%
Joanna Lannister
85.5%
Selyse Florent
84.4%
Roslin Frey
84.4%
% Correct
'Fat' Walda Frey
84.1%
Rhaella Targaryen
72.4%
Genna Lannister
60.8%
Minisa Whent
53.8%
Alys Karstark
53.2%
Asha Greyjoy
51.8%
Amerei Frey
48.7%
Bethany Rosby
37.2%
Mariya Darry
26.9%
Sylva Santagar
20.7%
Remove Ads.
Support Sporcle.
Get the best of Sporcle when you Go Orange. This ad-free experience offers more features, more stats, and more fun while also helping to support Sporcle. Thank you for becoming a member.

You're not logged in!

Compare scores with friends on all Sporcle quizzes.
OR
Log In

Show Comments

Extras

Top Quizzes Today


Score Distribution

Your Account Isn't Verified!

In order to create a playlist on Sporcle, you need to verify the email address you used during registration. Go to your Sporcle Settings to finish the process.

Report this User

Report this user for behavior that violates our Community Guidelines.

Details: